000 00235nam a2200097Ia 4500
008 190216s9999||||xx |||||||||||||| ||und||
100 _aAnantharaman R
245 0 _aPre-Degree Manashashthram
260 _bKerala Basha Inst
942 _cBK
999 _c39213
_d39213